000 00412nam a2200157Ia 4500
008 230312s9999||||xx |||||||||||||| ||und||
020 _a0-07-114810-8
082 _a005.7
_bSIL
100 _aSilberschatz Abraham
245 0 _aDatabase system Concepts
260 _bMcGraw Hill
_aNew York
_c2000
300 _a821
546 _aEng.
650 _aComputer
_vIntroduction , Entity Relationship Model
942 _cBK
999 _c2984
_d2984